Ground-water levels in the United States, 1964-68 : Southeastern states.

Bibliographic Details
Corporate Authors: Alabama, Florida, Georgia, Kentucky, Maryland, North Carolina, South Carolina, Tennessee, Virginia, West Virginia
Format: Government Document eBook
Language:English
Published: [Washington, D.C.] : United States Department of the Interior, Geological Survey, 1971.
Series:Geological Survey water-supply paper ; 1978.
Subjects:
Online Access:https://purl.fdlp.gov/GPO/gpo118792
http://purl.fdlp.gov/GPO/gpo118792

MARC

Tag First Indicator Second Indicator Subfields
LEADER 00000cam a2200000Ii 4500
001 in00004070310
005 20191023090003.0
006 m o d f
007 cr |||||||||||
008 161118s1971 dcub ob f000 0 eng d
035 |a (OCoLC)ocn963246806 
043 |a n-usu-- 
040 |a COP  |b eng  |e rda  |e pn  |c COP  |d OCLCO  |d OCLCF  |d GPO  |d MvI 
049 |a WWW 
074 |a 0625 (online) 
086 0 |a I 19.13:1978 
245 0 0 |a Ground-water levels in the United States, 1964-68 :  |b Southeastern states. 
264 1 |a [Washington, D.C.] :  |b United States Department of the Interior, Geological Survey,  |c 1971. 
264 2 |a Washington :  |b United States Government Printing Office 
300 |a 1 online resource (v, 258 pages) :  |b maps. 
336 |a text  |b txt  |2 rdacontent 
337 |a computer  |b c  |2 rdamedia 
338 |a online resource  |b cr  |2 rdacarrier 
490 1 |a Geological Survey water-supply paper ;  |v 1978 
500 |a "Prepared in cooperation with the States of Alabama, Florida, Georgia, Kentucky, Maryland, Mississippi, North Carolina, South Carolina, Tennessee, Virginia, and West Virginia, and with other agencies." 
504 |a Includes bibliographical references. 
588 |a Description based on online resource, PDF version; title from title page (USGS, viewed June 25, 2015). 
650 0 |a Water table  |z Southern States. 
650 7 |a Water table.  |2 fast  |0 (OCoLC)fst01172103 
651 7 |a Southern States.  |2 fast  |0 (OCoLC)fst01244550 
710 2 |a Geological Survey (U.S.),  |e issuing body. 
710 1 |a Alabama. 
710 1 |a Florida. 
710 1 |a Georgia. 
710 1 |a Kentucky. 
710 1 |a Maryland. 
710 1 |a North Carolina. 
710 1 |a South Carolina. 
710 1 |a Tennessee. 
710 1 |a Virginia. 
710 1 |a West Virginia. 
776 0 8 |i Print version:  |a Geological Survey (U.S.)  |t Ground-water levels in the United States, 1964-68  |w (OCoLC)617850 
830 0 |a Geological Survey water-supply paper ;  |v 1978. 
856 4 0 |u https://purl.fdlp.gov/GPO/gpo118792  |t 0 
856 4 0 |u http://purl.fdlp.gov/GPO/gpo118792  |t 0 
999 f f |s 6a03de01-af8c-3da7-917f-7f361c109195  |i ba94477b-965b-38b2-89ce-6a1d28bc18b2  |t 0 
952 f f |a Texas A&M University  |b College Station  |c Electronic Resources  |d Available Online  |t 0  |e I 19.13:1978  |h Superintendent of Documents classification 
998 f f |a I 19.13:1978  |t 0  |l Available Online